Systémové chyby pri znižovaní nezamestnanosti

Nezamestnanosť mladých identifikovala EÚ ako závažnú zložku celkovej nezamestnanosti a ako problém s ďalekosiahlymi dôsledkami. Prijaté opatrenia a snaha EÚ a jednotlivých členských štátov je zaťažená dvomi systémovými chybami a to normálnym rozdelením prirodzenej inteligencie a vysokou cenou ener...

Ausführliche Beschreibung

Gespeichert in:
Bibliographische Detailangaben
1. Verfasser: Kalina, Peter
Format: Buchkapitel
Sprache:Slowakisch
Schlagworte:
Tags: Tag hinzufügen
Keine Tags, Fügen Sie das erste Tag hinzu!

MARC

LEADER 00000naa$a2200000$$$4500
001 0209553
005 20221020083248.8
041 0 |a slo 
044 |a SK 
245 1 0 |a Systémové chyby pri znižovaní nezamestnanosti  |c Peter Kalina 
520 |a Nezamestnanosť mladých identifikovala EÚ ako závažnú zložku celkovej nezamestnanosti a ako problém s ďalekosiahlymi dôsledkami. Prijaté opatrenia a snaha EÚ a jednotlivých členských štátov je zaťažená dvomi systémovými chybami a to normálnym rozdelením prirodzenej inteligencie a vysokou cenou energií. Je čas vyzvať transnacionálne korporácie na znižovanie nezamestnanosti mladých, lebo sa podieľali na vytvorení tohto problému. Táto výzva je nutná aj preto lebo bez investičnej činnosti, reindustrializácie je tento problém neriešiteľný. 
610 2 0 |a systémy sociálno-ekonomické 
610 2 0 |a industrializácia 
610 2 0 |a procesy sociálne 
610 2 0 |a ceny 
610 2 0 |a energia 
610 2 0 |a nezamestnanosť 
610 2 0 |a nezamestnaní 
610 2 0 |a kapitál intelektuálny 
610 2 0 |a pracovníci mladí 
610 2 0 |a prognózy sociálno-ekonomické 
100 1 |a Kalina, Peter